01421nam a22002417a 4500003000400000005001700004008004100021020001800062040001400080041000800094082002100102100004300123245007200166264003600238300005300274521058000327650002800907650002500935650003500960942001200995999001701007952015501024OSt20260414165950.0260414b ||||| |||| 00| 0 spa d a9789585084667 cCO-Mq BPB aspa a302.028563bC31p aChaves Muñoz, Gloria Victoriaeautor aPsicología en la era digital:bIA y otras tecnologías aplicadas aBogotá;bEco ediciones,c2025 a179 páginas;btapa rustica, diagramas, c24 cm aPsicología en la era digital es una obra que analiza cómo las nuevas tecnologías están transformando la manera en que entendemos la mente y el comportamiento humano. A través de un enfoque actual e interdisciplinario, el libro explora la relación entre la psicología y herramientas como la inteligencia artificial, la realidad virtual y el Internet de las Cosas. La autora propone una reflexión sobre cómo estas tecnologías impactan la salud mental, la educación y la vida cotidiana, mostrando tanto sus beneficios como los retos éticos que implican. aInteligencia artificial aPsicología digital aSalud mental en la era digital 2ddccBK c16246d16246 00102ddc4051708GENaBPMOSbBPMOScGENd2026-04-14eCompra 2025iNTl0o302.028563 C31ppMOS504868r2026-04-14tEj.1w2026-04-14yBKzOcho días